000 01116nam a22002537a 4500
999 _c2019
_d2019
003 AR-CdUCM
008 190228b ||||| |||| 00| 0 spa d
020 _a9972663002
040 _aMUNICIPALIDAD PROVINCIAL DEL CUSCO
_cBIBLIOTECA MUNICIPAL DEL CUSCO
082 _a869.521 /
_bM33
100 _aMazzotti, José Antonio
_97339
245 _aCoros Mestizos del Inca Garcilaso :
_bResonancias Andinas /
260 _aLima :
_bFondo de Cultura Economica,
_c1996.
300 _a384 paginas ;
_bilustraciones,
_c20cm.
500 _aBolsa de Valores de Lima Fondo de Cultura economica
505 _aDimensiones de Interferencia: del discurso oral andino a la escritura coral -- Comentarios reales : de la escritura coral al discurso Fundacional -- Una tropologia sincretica: aspectos semanticos y simbolicos de los comentarios -- La Cruz, el rayo , el arcoiris.
650 _aEscritura Coral
_97340
650 _aComentarios Reales
_97341
650 _aBiografia al inca garcilaso
_97342
650 _aLiteratura
_983
700 _aMazzotti, José Antonio
_97339
942 _2ddc
_cLIBROS
945 _apjha
_d2019-02-28